উচ্চ মাধ্যমিক ব্যবহারিক জীববিজ্ঞান : (Record no. 7612)
[ view plain ]
| 000 -LEADER | |
|---|---|
| fixed length control field | 00834nam a2200229 a 4500 |
| 001 - CONTROL NUMBER | |
| JCCL Control Number | 7612 |
| 003 - CONTROL NUMBER IDENTIFIER | |
| JCCL marc code | BD-JhCC |
| 005 - DATE AND TIME OF LATEST TRANSACTION | |
| control field | 20180325125339.0 |
| 008 - FIXED-LENGTH DATA ELEMENTS--GENERAL INFORMATION | |
| fixed length control field | 180212s19842000bg a|||| ||a| 000 0 ben d |
| 035 ## - SYSTEM CONTROL NUMBER | |
| system control number | (BD-JhCC)7612 |
| 040 ## - CATALOGING SOURCE | |
| Original cataloging agency | BD-JhCC |
| Modifying agency | BD-JhCC |
| 041 ## - LANGUAGE CODE | |
| Language code of Book | ben |
| 082 ## - DEWEY DECIMAL CLASSIFICATION NUMBER | |
| Classification number | 591 |
| Author mark and Year | AJM 1984 |
| 100 ## - MAIN ENTRY--PERSONAL NAME | |
| Personal name | আজমল,গাজী |
| 245 ## - TITLE STATEMENT | |
| Title | উচ্চ মাধ্যমিক ব্যবহারিক জীববিজ্ঞান : |
| Remainder of title | (উদ্ভিদবিজ্ঞান ও প্রাণিবিজ্ঞান) / |
| Statement of responsibility, etc | গাজী আজমল, গাজী আসমত |
| 260 ## - PUBLICATION, DISTRIBUTION, ETC. (IMPRINT) | |
| Place of publication, distribution, etc | ঢাকা : |
| Name of publisher, distributor, etc | গাজী পাবলিশার্স ; |
| Date of publication, distribution, etc | ১৯৮৪ . |
| 300 ## - PHYSICAL DESCRIPTION | |
| Pagination | 160 p. : |
| Other physical details | ill ; |
| Dimensions | 24 cm. |
| 651 ## - SUBJECT ADDED ENTRY--GEOGRAPHIC NAME | |
| Geographic name | Zoology |
| 700 ## - ADDED ENTRY--PERSONAL NAME | |
| Personal name | আসমত,গাজী |
| 942 ## - ADDED ENTRY ELEMENTS (KOHA) | |
| Source of classification or shelving scheme | Library of Congress Classification |
| Koha item type | Books |
| Source of classification or shelving scheme | Damaged status | Not for loan | Home library | Current library | Shelving location | Date of accession | Cost, normal purchase price | Total Checkouts | Full call number | Barcode | Date last seen | Copy number | Koha item type |
|---|---|---|---|---|---|---|---|---|---|---|---|---|---|
| Dewey Decimal Classification | JCC Rouf Library | JCC Rouf Library | General Stacks | 02/12/2018 | 49.00 | 591 AJM 1984 | 10118 | 02/12/2018 | C-1 | Books | |||
| Dewey Decimal Classification | JCC Rouf Library | JCC Rouf Library | General Stacks | 03/25/2018 | 49.00 | 591 AJM 1984 | 9135 | 03/25/2018 | C-2 | Books |